Governare è amare. (Record n. 36189)
[ formato base ]
| 000 -LEADER | |
|---|---|
| fixed length control field | 00942nam a2200205Ia 4500 |
| 003 - CONTROL NUMBER IDENTIFIER | |
| control field | IT-RoPAU |
| 005 - DATE AND TIME OF LATEST TRANSACTION | |
| control field | 20220918175920.0 |
| 008 - FIXED-LENGTH DATA ELEMENTS--GENERAL INFORMATION | |
| fixed length control field | 120407s9999 xx 000 0 und d |
| 040 ## - CATALOGING SOURCE | |
| Original cataloging agency | IT-RoPAU |
| Transcribing agency | 20130404110912.0 |
| 040 ## - CATALOGING SOURCE | |
| Transcribing agency | IT-RoPAU |
| 041 ## - LANGUAGE CODE | |
| Language code of text/sound track or separate title | ita |
| 100 ## - MAIN ENTRY--PERSONAL NAME | |
| Personal name | Perino Renato |
| 9 (RLIN) | 460 |
| 245 ## - TITLE STATEMENT | |
| Title | Governare è amare. |
| Remainder of title | Conferenze ai superiori italiani. |
| 250 ## - EDITION STATEMENT | |
| Edition statement | 1° ed |
| 260 ## - PUBLICATION, DISTRIBUTION, ETC. (IMPRINT) | |
| Date of publication, distribution, etc. | 1987 |
| Place of publication, distribution, etc. | Ariccia |
| Name of publisher, distributor, etc. | SSP |
| 300 ## - PHYSICAL DESCRIPTION | |
| Extent | 64 p. |
| Dimensions | 21 cm |
| 520 ## - SUMMARY, ETC. | |
| Summary, etc. | Indice<br/><br/>Introduzione agli esercizi spirituali<br/><br/>I. Governare, dirigere sono "vocazioni al servizio": La "Diakonia" dell'autorità<br/>II. Capacità di lavorare assieme: Partecipazione e collaborazione<br/>III. Pensare assieme sistematicamente e pianificare<br/>IV. Il discernimento personale e comunitario<br/>V. Riflessione sul "rinnovamento della missione paolina": Orizzonte del nostro ministero di direzione e priorità stabilita dal V Capitolo Generale<br/> |
| 942 ## - ADDED ENTRY ELEMENTS (KOHA) | |
| Koha item type | LIBRO |
| Source of classification or shelving scheme | Dewey Decimal Classification |
| Withdrawn status | Lost status | Source of classification or shelving scheme | Damaged status | Not for loan | Home library | Current library | Date acquired | Total Checkouts | Full call number | Date last seen | Price effective from | Koha item type |
|---|---|---|---|---|---|---|---|---|---|---|---|---|
| Dewey Decimal Classification | Buone Condizioni | Not For Loan | PAULUS-BIBLIOTECA | PAULUS-BIBLIOTECA | 04/04/2013 | P C5 | 04/04/2013 | 04/04/2013 | LIBRO | |||
| Dewey Decimal Classification | Buone Condizioni | Not For Loan | PAULUS-BIBLIOTECA | PAULUS-BIBLIOTECA | 04/04/2013 | P C5 | 04/04/2013 | 04/04/2013 | LIBRO | |||
| Dewey Decimal Classification | Buone Condizioni | Not For Loan | PAULUS-BIBLIOTECA | PAULUS-BIBLIOTECA | 04/04/2013 | P C5 | 04/04/2013 | 04/04/2013 | LIBRO |